000 00871cam a2200337 4500
001 ABS68319
008 041018n2004 000 0 eng u
035 _a(Sirsi) u127733
245 _aFocus 3: M25 South West
260 _c2004
490 _aEstates Gazette
_v(0441) 9 October 2004, 105-123(10)
590 _aABS
590 _aABS
650 _aGUILDFORD
650 _aSOUTHWEST ENGLAND
650 _aHEATHROW
650 _aOFFICE MARKET
650 _aPROPERTY-COMMERCIAL PROPERTY-RETAIL PROPERTY-RETAIL PROPERTY MARKET
650 _aINDUSTRIAL MARKET
650 _aOCCUPIERS
650 _aM25
650 _aTHAMES VALLEY
650 _aSLOUGH
650 _aSTAINES
650 _aWOKING
650 _aCHERTSEY
650 _aRICHMOND-UPON-THAMES
650 _aKINGSTON UPON THAMES
690 _aCOMMERCIAL PROPERTY-MARKET
942 _n0
999 _c118179
_d118179